Las almas muertas o Las aventuras de Chichikov /

Uloženo v:
Podrobná bibliografie
Hlavní autor: Gogol, Nikolai Vasilievich (autor)
Další autoři: Phillips, Rosa María (prólogo y traducción) (prólogo y traducción)
Médium: Kniha
Jazyk:španělština
Vydáno: México : Porrúa, 1969, c1969
Edice:(Sepan Cuántos ; 132)
Témata:
Tagy: Přidat tag
Žádné tagy, Buďte první, kdo vytvoří štítek k tomuto záznamu!

MARC

LEADER 00000nam^a2200000^a^4500
001 000097070
005 20250521000000.0
009 20260526121809.438
037 |a Acervo ITESO - Biblioteca 
041 |a ESP 
082 |a 082.  |b POR V. 132 
100 |a Gogol, Nikolai Vasilievich  |e (autor) 
240 1 5 |a [Las almas muertas] 
240 1 4 |a [La Tercera Orden de San Vladimiro] 
245 1 4 |a Las almas muertas o Las aventuras de Chichikov /  |c N.V. Gogol ; pról. y tr. por R.M. Phillips. 
264 4 |a México :  |b Porrúa,  |c 1969, c1969 
300 |a XXI, 252 p. 
336 |a texto  |b txt  |2 rdacontenido 
337 |a sin mediación  |b n  |2 rdamedio 
338 |a volumen  |b nc  |2 rdasoporte 
440 1 |a (Sepan Cuántos ;  |v 132) 
649 |a XX 
650 |a Novela Rusa 
650 |a Novela Ucraniana 
650 |a Literatura Rusa -  |y Siglo XIX 
650 |a Literatura Ucraniana -  |y Siglo XIX 
650 |a Literatura en Ruso 
740 3 |a La Tercera Orden de San Vladimiro :  |b fragmentos de comedia inconclusa /  |c N.V. Gogol ; pról. y tr. por R.M. Phillips. 
700 |a Phillips, Rosa María  |e (prólogo y traducción) 
910 |a Fondo General 
920 |a Impresos - Libros 
930 |a Colección General 
940 |a Literatura 
905 |a 101 
901 |a 0500031401  |b IT1  |c LIT  |u 20250521 
902 |a https://opac.biblio.iteso.mx/vufind/Record/000097070